000 00643nam a2200205 a 4500
005 20140412111231.0
008 010810s19uu xx 00 eng d
050 _aER
_bWi63Ro 1994
100 _aMilne, A. A.
245 _aWinnie the Pooh and his friends :
_bRoo's big adventure /
_cA. A. Milne; illustrations Atelier Philippine Harchy.
260 _aWanchai, Hong Kong :
_bTormont International Ltd,
_c1994.
300 _a1v. (unp.) ; ill.
440 _aWalt Disney's Winnie and His Friends
650 _aAdventures-Fiction
650 _aChildren stories
999 _c102169
_d102169